000 00463nam a2200193Ia 4500
005 20240823044919.0
008 240823s9999||||xx |||||||||||||| ||und||
020 _a81-7381-228-4
041 _aENGLISH
082 _A671.53 P4
100 _aAmitabha Bhattacharyya
245 0 _aMetal Cutting : Theory and Practice
250 _a1st
260 _c2004
_b"New Central,Cal"
500 _aYES
650 _aMetal
_bMechanical
942 _cBK
999 _c213726
_d213726